000 01034nam a2200325 a 4500
003 AR-BaBNM
005 20251128203258.0
008 082120s2002 ||||||||||||||000 | spa||
040 _cAR-BaBNM
100 1 _aWeinstein, Gerald
245 0 0 _aLa enseñanza por el afecto
_bvida emocional y aprendizaje
250 _a1ª ed.
260 _aBuenos Aires
_bPaidós
_c1973
300 _a277 p.
_bdiagr., il.
490 0 _aBiblioteca del educador contemporáneo. Menor
_vv. 134
500 _aContiene referencias bibliográficas en notas a pie de página
650 4 _aAFECTIVIDAD
650 4 _aDESARROLLO DEL NIÑO
650 4 _aDESARROLLO AFECTIVO
650 4 _aCOMPORTAMIENTO AFECTIVO
650 4 _aTECNICAS DE ENSEÑANZA
650 4 _aJUEGOS EDUCATIVOS
653 _aPROCESO DE ENSEÑANZA-APRENDIZAJE
700 1 _aFantini, Mario D.
700 1 _aNegrotto, Adolfo Alfredo
_etraductor
800 1 _aRomero Brest, Gilda Lamarque de
_edirector
800 1 _aBernstein, Jaime
_edirector
942 _cBK
998 _csilvi
999 _c2686
_d2686